000 00710nam a2200265Ia 4500
003 OSt
005 20221007072911.0
006 a|||||r|||| 00| 0
007 ta
008 221006b |||||||| |||| 00| 0 eng d
020 _a42114260X
024 _a5,636
037 _cReference Collections
040 _aFLL
_cFLL
_beng
041 _2eng
_aeng
082 _aZ3:44, L1
100 _aPercy R.A. Au.
_9691600
245 0 _aCharlesworth on negligence
250 _a5th
260 _aLondon
_bSweet and Maxwell ltd. London
_c1971
300 _acii,802p
_ccm.
650 _aNegligence
_9691523
942 _hZ3:44, L1
_cREF
_2CC
999 _c1147225
_d1147225